| 000 | 00371nam a2200157Ia 4500 | ||
|---|---|---|---|
| 008 | 230524s9999 xx 000 0 und d | ||
| 082 |
_a621.382 _bNAG |
||
| 100 | _aG.R.Nagpal | ||
| 245 | 0 | _aPower Plant Engineering | |
| 250 | _a15TH | ||
| 260 |
_aNEW DELHI _bKhanna _c2007 |
||
| 300 | _aXX;707 | ||
| 500 | _aQuantity Number: 10 | ||
| 650 | _aElectrical | ||
| 942 | _cBK | ||
| 999 |
_c38139 _d38139 |
||